[Event "Quebec-ch U20"]
[Site "Montreal"]
[Date "1991.03.03"]
[Round "7"]
[White "Guy, Gregoire"]
[Black "Charest, Johanne"]
[Result "1/2-1/2"]
[WhiteElo "1765"]
[BlackElo "1859"]
[PlyCount "85"]
[EventDate "1991.02.28"]
[EventType "tourn"]
[EventRounds "7"]
[EventCountry "CAN"]
[SourceTitle "EXT 2022"]
[Source "ChessBase"]
[SourceDate "2021.10.06"]
[SourceVersion "1"]
[SourceVersionDate "2021.10.06"]
[SourceQuality "1"]

1. e4 e5 2. Nf3 Nc6 3. Bc4 Be7 4. 0-0 Nf6 5. Nc3 d6 6. h3 0-0 7. d3 a6 8. a3 Be6 9. Bxe6 fxe6 10. Re1 Nh5 11. Nxe5 Nxe5 12. Qxh5 Bh4 13. Rf1 Qf6 14. Be3 Qe7 15. Qe2 Rf7 16. f4 Ng6 17. Rf3 c5 18. Raf1 Re8 19. g3 Bf6 20. Nd1 Qd7 21. c3 b6 22. Nf2 Bd8 23. d4 a5 24. dxc5 dxc5 25. Rd1 Qc6 26. Bc1 c4 27. Kg2 Bc7 28. Rd4 b5 29. a4 e5 30. axb5 Qxb5 31. Qxc4 Qxc4 32. Rxc4 exf4 33. gxf4 Bxf4 34. Bxf4 Nh4+ 35. Kg3 Nxf3 36. Kxf3 g5 37. Nd3 gxf4 38. Nxf4 Rb8 39. b4 a4 40. Kg4 a3 41. Rd4 Rxf4+ 42. Kxf4 Rc8 43. c4 1/2-1/2

[Event "Quebec-ch U20"]
[Site "Montreal"]
[Date "1991.03.02"]
[Round "5"]
[White "Guy, Gregoire"]
[Black "Arsenault, Nicolas"]
[Result "1/2-1/2"]
[WhiteElo "1765"]
[BlackElo "2046"]
[PlyCount "68"]
[EventDate "1991.02.28"]
[EventType "tourn"]
[EventRounds "7"]
[EventCountry "CAN"]
[SourceTitle "EXT 2022"]
[Source "ChessBase"]
[SourceDate "2021.10.06"]
[SourceVersion "1"]
[SourceVersionDate "2021.10.06"]
[SourceQuality "1"]

1. e4 c5 2. Nf3 e6 3. d4 cxd4 4. Nxd4 Nf6 5. Nc3 d6 6. Be3 Nc6 7. Be2 Be7 8. 0-0 0-0 9. f4 a6 10. Bf3 Qc7 11. Qe2 Nxd4 12. Bxd4 e5 13. fxe5 dxe5 14. Bf2 Bc5 15. Rad1 Be6 16. Nd5 Bxf2+ 17. Rxf2 Bxd5 18. exd5 Qd6 19. Be4 g6 20. c4 Nd7 21. g4 f6 22. Kh1 Kg7 23. Rb1 a5 24. Rbf1 Rf7 25. b3 Raf8 26. Qd2 b6 27. Qe2 Nc5 28. Rf3 Nb7 29. Qd2 Qc5 30. Rg1 Nd6 31. Qe2 Qd4 32. Re3 Kh8 33. Rd1 Qc5 34. Bb1 g5 1/2-1/2

[Event "Quebec-ch U20"]
[Site "Montreal"]
[Date "1991.02.28"]
[Round "1"]
[White "Gravel, Simon M"]
[Black "Guy, Gregoire"]
[Result "1-0"]
[WhiteElo "2168"]
[BlackElo "1765"]
[PlyCount "95"]
[EventDate "1991.02.28"]
[EventType "tourn"]
[EventRounds "7"]
[EventCountry "CAN"]
[SourceTitle "EXT 2022"]
[Source "ChessBase"]
[SourceDate "2021.10.06"]
[SourceVersion "1"]
[SourceVersionDate "2021.10.06"]
[SourceQuality "1"]

1. e4 e5 2. Nf3 Nc6 3. Bc4 Bc5 4. d3 d6 5. Nc3 Be6 6. Bb3 Nf6 7. Be3 Nd4 8. Bxd4 Bxd4 9. Nxd4 exd4 10. Ne2 c5 11. Ba4+ Bd7 12. c3 dxc3 13. bxc3 0-0 14. Bxd7 Qxd7 15. c4 b5 16. f3 b4 17. Kf2 a5 18. a4 Qe6 19. g4 Rad8 20. Rb1 Nd7 21. h3 Ne5 22. f4 Nc6 23. Qd2 f6 24. Ng1 Nd4 25. Nf3 Nxf3 26. Kxf3 Qf7 27. Ke2 Rfe8 28. Kd1 Kf8 29. Kc2 Ke7 30. Kb3 Kd7 31. Rbe1 Kc7 32. d4 Kb6 33. d5 Qd7 34. Rhf1 Re7 35. Qg2 Rde8 36. Re2 Qc8 37. Rfe1 Qd7 38. h4 Qc7 39. Qg3 Qb8 40. g5 fxg5 41. Qxg5 h6 42. Qg6 Qc7 43. e5 Qd7 44. f5 Qd8 45. exd6 Rxe2 46. d7+ R8e6 47. dxe6 Qxh4 48. d8Q+ 1-0

[Event "Quebec-ch Intercoll"]
[Site "Montreal"]
[Date "1990.04.14"]
[Round "4"]
[White "Guy, Gregoire"]
[Black "Savoie, Gyl"]
[Result "0-1"]
[WhiteElo "1785"]
[BlackElo "1931"]
[PlyCount "32"]
[EventDate "1990.04.13"]
[EventType "swiss"]
[EventRounds "6"]
[EventCountry "CAN"]
[SourceTitle "EXT 2022"]
[Source "ChessBase"]
[SourceDate "2021.10.06"]
[SourceVersion "1"]
[SourceVersionDate "2021.10.06"]
[SourceQuality "1"]

1. e4 g6 2. d4 Bg7 3. Nc3 d6 4. f4 Nf6 5. Nf3 0-0 6. Be2 c5 7. 0-0 cxd4 8. Qxd4 Bg4 9. Kh1 Nc6 10. Qd1 Qb6 11. Rb1 Rac8 12. h3 Bxf3 13. Bxf3 Na5 14. g4 Rxc3 15. g5 Nd7 16. Qd5 Rxc2 0-1

[Event "Montreal Quebec U1600 op"]
[Site "Montreal"]
[Date "1989.07.25"]
[Round "4"]
[White "Guy, Gregoire"]
[Black "Boivin, Rejean"]
[Result "1-0"]
[WhiteElo "1476"]
[BlackElo "1464"]
[PlyCount "45"]
[EventDate "1989.07.22"]
[EventType "tourn"]
[EventRounds "8"]
[EventCountry "CAN"]
[SourceTitle "EXT 2022"]
[Source "ChessBase"]
[SourceDate "2021.10.06"]
[SourceVersion "1"]
[SourceVersionDate "2021.10.06"]
[SourceQuality "1"]

1. e4 c5 2. Nf3 d6 3. d4 cxd4 4. Nxd4 Nf6 5. Nc3 a6 6. Bg5 e6 7. Bc4 Be7 8. f3 Qa5 9. Qd2 b5 10. Bb3 b4 11. Nce2 Nxe4 12. fxe4 Bxg5 13. Qd3 Bb7 14. 0-0 Qc5 15. Kh1 Nc6 16. Rxf7 Kxf7 17. Nxe6 Qe5 18. Nxg5+ Ke7 19. Nf7 Qf6 20. Nf4 Qxf4 21. Rf1 Qxf1+ 22. Qxf1 Ne5 23. Nxe5 1-0